000 01262nam0a2200325 4500
001 RU\NLR\BIBL_A\011881876
005 20181217093743.0
010 _a978-5-9902578-5-6
_92000
021 _aRU
_bКН-П-18-083844
_9КН-П-18-6065
035 _a(NLR Aleph) 011881876
035 _a(RuMoRGB)009798837
090 _a12252607
_c12252607
100 _a20181206d2018 u y0rusy50 ca
101 0 _arus
102 _aRU
105 _aa z |00ay
200 1 _aПуть к Небесному венцу
_eсказание о священномученике Николае (Любомудрове)
_fА. Симонов
210 _aЯрославль
_cПечать
_d2018
215 _a111 с.
_cцв. ил.
_d25
333 _a12+
600 1 _aЛюбомудров
_bН. И.
_f1862 - 1918
_gНиколай Иванович
_jИздания для детей
_92222890
_3RU\NLR\AUTH\6601567702
686 0 _aШ9
_bЭ
700 1 _aСимонов
_bА. Н.
_gАльфред Николаевич
702 1 _4570
_aЛюбомудров
_bН. И.
_f1862-1918
_gНиколай Иванович
_9141001
_3RU\NLR\AUTH\770141037
942 _cBOOK
980 _aNBR
980 _aNB